000 00875nam a22003017a 4500
001 BR8702288
003 BR-BrBNA
005 20230928092449.0
007 ta
008 230509b bl.||||| |||| 00| 0 por d
040 _aBR-BrBNA
_bpor
_cBiblioteca Nacional de Agricultura
041 _a(Por)
072 _aF01; F30
_b1000
_b/G514
090 _ 1000 BR8702288
110 1 _aAssociacao de Credito e Assistencia Rural de Santa Catarina, Florianopolis (Brasil)
245 1 _aNormas tecnicas para citrus [Brasil]
260 3 _aFlorianopolis, SC (Brasil):
_c1977.
300 _a33 p.
500 _a(*) Documento disponível no(a) CEAGRI, Florianopolis, SC (Brazil)
650 _aABACATE
650 _aBANANA
650 _aFRUTA CITRICA
650 _aVARIEDADE
650 _aADUBACAO
650 _aPLANTIO
909 _a202309
_bLucia
_c55
_dLucia Elande
942 _cBK
999 _c39213
_d39213